| 000 | 00693nam a2200217 a 4500 | ||
|---|---|---|---|
| 001 | 50841 | ||
| 003 | BD-RjUL | ||
| 005 | 20211209075555.0 | ||
| 008 | 500101s19591934enk 001 0 eng d | ||
| 035 | _a(BD-RjUL) 50961 | ||
| 040 |
_aBD-RjUL _beng _cBD-RjUL _dBD-RjUL |
||
| 041 | _aeng | ||
| 082 |
_223 _a516.3 _bSOA 1959 |
||
| 100 | 1 |
_aSommerville, Duncan M'Laren Young, _d1879-1934. _9152193 |
|
| 245 | 1 | 0 |
_aAnalytical geometry of three dimensions / _c D.M.Y. Sommerville. |
| 260 |
_aCambridge : _bCambridge University Press, _c1934 [Reprinted 1959] |
||
| 300 |
_axvi, 416 p. : _bill. ; _c21 cm. |
||
| 500 | _aIncludes index | ||
| 650 | 0 |
_aGeometry, Analytic _xSolid. _9151739 |
|
| 942 |
_2ddc _cBK |
||
| 999 |
_c50841 _d50841 |
||